Big 3 Sports Teams Without Red or Blue - Statistics

General Stats
  • This quiz has been taken 28 times
  • The average score is 20 of 24
Answer Stats
Hint Answer % Correct
NFL Cleveland Browns
100%
NFL Philadelphia Eagles
100%
NFL Cincinnati Bengals
96%
NFL Baltimore Ravens
92%
NBA Boston Celtics
92%
NFL Pittsburgh Steelers
92%
NFL Green Bay Packers
88%
NFL Las Vegas Raiders
88%
NBA Los Angeles Lakers
88%
NFL Minnesota Vikings
88%
NFL New Orleans Saints
88%
NFL New York Jets
88%
MLB Chicago White Sox
83%
MLB Pittsburgh Pirates
83%
MLB San Francisco Giants
83%
MLB Oakland Athletics
79%
NBA San Antonio Spurs
79%
NBA Brooklyn Nets
75%
MLB Baltimore Orioles
71%
NBA Sacramento Kings
71%
MLB San Diego Padres
71%
NBA Milwaukee Bucks
67%
NBA Phoenix Suns
67%
MLB Colorado Rockies
63%
No matching quizzes found
Score Distribution
Percent of People with Each Score
Percentile by Number Answered
Your Score History
You have not taken this quiz